000 00756nam a2200253Ia 4500
003 GCL
008 140319s9999 xx 000 0 ara d
040 _aGCL /
_cGCL
082 0 4 _a301.31
_bم ا
100 1 _aمحمد السيد ارناؤوط
245 1 0 _aالانسان وتلوث البيئة /
_cمحمد السيد ارناؤوط
260 _a[S.N] :
_bالدار المصرية اللبنانية ،
_c1993
300 _a415 ص
490 _a
650 0 4 _aتلوث البيئة
650 0 4 _aحماية البيئة
650 0 4 _aالضوضاء
650 0 4 _aالتلوث
650 0 4 _aهندسة البيئة
650 0 4 _aالبحار والمحيطات
650 0 4 _aالمياه
650 0 4 _aالهواء
942 _2ddc
_cBK
999 _c55147
_d55147